| 000 | 00596nam a2200169 a 4500 | ||
|---|---|---|---|
| 005 | 20140310183529.0 | ||
| 008 | 110928s19uu xx 00 eng d | ||
| 020 | _a9781405175555 | ||
| 050 |
_aPN 1992.77.O34 _b.Of34 2008 |
||
| 245 |
_aThe office and philosophy : _bscenes from the unexamined life. _cedited by J. Jeremy Winesnewski. |
||
| 260 |
_aMalden, MA : _bBlackwell Publishing, _c2008. |
||
| 300 |
_a310 p. : _bill. ; _c24 cm. |
||
| 650 | _aOffice (Television program : United States). | ||
| 650 | _aOffice (Television program : Great Britain). | ||
| 942 |
_cBK _2lcc _kFOR |
||
| 999 |
_c24596 _d24596 |
||